Čarovné práva

Podrobná bibliografia
Hlavný autor: Pratchett, Terry, 1948-2015 (Autor)
Médium: Braillovo písmo Kniha
Jazyk:slovenčina
angličtina
Fyzický popis:4 zv. v Braillovom písme 27 x 29 cm
Vydavateľské údaje: Levoča Slovenská knižnica pre nevidiacich Mateja Hrebendu 2006
ISBN:8080477477
Vydanie:[1. vyd.]
Predmet:

MARC

LEADER 00000nam a2200000 a 4500
001 vtls008841630
003 SK-MaSNL
005 20260301124212.0
007 fb a z a
008 240318s2006 xo ff 000 f slo
015 |a SNBK2006/04-00952 
020 |a 8080477477  |q (viaz.) 
040 |a SNK  |b slo  |c SNK  |e AACR2 
041 1 |a slo  |h eng 
044 |a xo  |c SK 
072 7 |a 821.111-3  |x Anglická próza, anglicky písaná  |2 konspekt 
080 |a (003.4)  |2 2001 
080 |a 821.111.31  |2 2001 
100 1 |a Pratchett, Terry,  |d 1948-2015  |4 aut  |9 89895 
245 1 0 |a Čarovné práva  |h Braillovo písmo  |c Terry Pratchett 
250 |a [1. vyd.] 
260 |a Levoča  |b Slovenská knižnica pre nevidiacich Mateja Hrebendu  |c 2006 
300 |a 4 zv. v Braillovom písme  |c 27 x 29 cm 
506 |a 4 výt. 
655 7 |a anglické romány  |2 SNKPH  |9 70428 
655 7 |a publikácie pre nevidiacich  |2 SNKPH  |9 70695 
919 |a 80-8047-747-7 
999 |c 738839  |d 740769 
952 |a SNK  |b SNK  |y PREZ  |7 0  |p 17A0518952  |o snkOSB 14661/1  |i snk2006/16667  |8 0  |0 0  |1 0  |4 0  |d 2006-08-23  |l 0  |r 2026-02-23 22:52:06  |w 2026-02-23 
952 |a SNK  |b SNK  |y PREZ  |7 0  |p 17A0518953  |o snkOSB 14661/2  |i snk2006/16668  |8 0  |0 0  |1 0  |4 0  |d 2006-08-23  |l 0  |r 2026-02-23 22:52:06  |w 2026-02-23 
952 |a SNK  |b SNK  |y PREZ  |7 0  |p 17A0518954  |o snkOSB 14661/3  |i snk2006/16669  |8 0  |0 0  |1 0  |4 0  |d 2006-08-23  |l 0  |r 2026-02-23 22:52:06  |w 2026-02-23 
952 |a SNK  |b SNK  |y PREZ  |7 0  |p 17A0518955  |o snkOSB 14661/4  |i snk2006/16670  |8 0  |0 0  |1 0  |4 0  |d 2006-08-23  |l 0  |r 2026-02-23 22:52:06  |w 2026-02-23